The routledge companion to philosophy of religion / (Record no. 14627)

MARC details
000 -LEADER
fixed length control field 00803cam a2200253 a 4500
001 - CONTROL NUMBER
control field TB12236
003 - CONTROL NUMBER IDENTIFIER
control field IN-BhIIT
005 - DATE AND TIME OF LATEST TRANSACTION
control field 20250321170053.0
008 - FIXED-LENGTH DATA ELEMENTS--GENERAL INFORMATION
fixed length control field 120503s2013 enk b 001 0 eng
020 ## - INTERNATIONAL STANDARD BOOK NUMBER
ISBN 9780415782951 (pbk.)
040 ## - CATALOGING SOURCE
Original cataloging agency IN-BhIIT
041 ## - LANGUAGE CODE
Language code of text eng
082 00 - DEWEY DECIMAL CLASSIFICATION NUMBER
Classification number 210
Book number MEI/R
245 04 - TITLE STATEMENT
Title The routledge companion to philosophy of religion /
Statement of responsibility, etc edited by Chad Meister and Paul Copan.
250 ## - EDITION STATEMENT
Edition statement 2nd ed.
260 ## - PUBLICATION, DISTRIBUTION, ETC. (IMPRINT)
Place of publication Abingdon, Oxon ;
-- New York :
Name of publisher Routledge,
Year of publication 2013.
300 ## - PHYSICAL DESCRIPTION
Number of Pages xxi, 826 p. ;
Other physical details(ill.) ill. ;
Dimensions(size) 26 cm.
490 0# - SERIES STATEMENT
Series statement Routledge philosophy companions
504 ## - BIBLIOGRAPHY, ETC. NOTE
Bibliography, etc Includes bibliographical references and index.
650 #0 - SUBJECT ADDED ENTRY--TOPICAL TERM
Topical Term Religion
General subdivision Philosophy.
700 1# - ADDED ENTRY--PERSONAL NAME
Personal name Meister, Chad V.,
Relator term Editor
Personal name Copan, Paul.
Relator term Joint editor
942 ## - ADDED ENTRY ELEMENTS (KOHA)
Koha item type Text Book
Holdings
Withdrawn status Lost status Damaged status Not for loan Collection code Home library Current library Date acquired Source of acquisition Cost, normal purchase price Full call number Accession Number Cost, replacement price Price effective from Koha item type
Not withdrawn Not Lost not damaged   SHSSM Central Library, IIT Bhubaneswar Central Library, IIT Bhubaneswar 07/02/2025 53 4551.29 210 MEI/R TB12236 6234.65 07/02/2025 Text Book

Central Library, Indian Institute of Technology Bhubaneswar, 4th Floor, Administrative Building, Argul, Khordha, PIN-752050, Odisha, India
Phone: +91-674-7138750 | Email: circulation.library@iitbbs.ac.in (For circulation related queries),
Email: info.library@iitbbs.ac.in (For other queries)